Σώματα με σημασία : οριοθετήσεις του "Φύλου" στο λόγο

Αποθηκεύτηκε σε:
Λεπτομέρειες βιβλιογραφικής εγγραφής
Κύριος συγγραφέας: Butler, Judith, 1956-
Άλλοι συγγραφείς: Μαρκέτου, Πελαγία (Μεταφραστής), Αθανασίου, Αθηνά (Επιμελητής έκδοσης, Συγγραφέας εισαγωγής κ.λπ.)
Μορφή: Βιβλίο
Γλώσσα:Greek
English
Δημοσίευση: Αθήνα : Εκκρεμές, 2008.
Θέματα:
Ετικέτες: Προσθήκη ετικέτας
Δεν υπάρχουν, Καταχωρήστε ετικέτα πρώτοι!

MARC

LEADER 00000cam a2200000 i 4500
001 1/2800
008 100108s2008 gr | ||| |||| ||gre||
020 |a 9789607651631 
035 |l 10106149 
040 |a GR-MyUa  |b gre  |e AACR2 
041 1 |a gre  |h eng 
082 7 |a 305.3   |2 (22) 
100 1 |a Butler, Judith,   |d 1956- 
245 1 0 |a Σώματα με σημασία :   |b οριοθετήσεις του "Φύλου" στο λόγο /   |c Τζούντιθ Μπάτλερ ; μετάφραση: Πελαγία Μαρκέτου ; εισαγωγή, επιστημονική επιμέλεια: Αθηνά Αθανασίου. 
260 |a Αθήνα :   |b Εκκρεμές,   |c 2008. 
300 |a 438 σ. ;   |c 21 εκ. 
504 |a Περιέχει βιβλιογραφικές παραπομπές. 
650 0 |a Feminist theory. 
650 0 |a Sex role  |x Philosophy. 
650 0 |a Sex differences (Psychology) 
650 0 |a Sexual orientation  |x Philosophy. 
650 0 |a Identity (Psychology) 
650 0 |a Femininity. 
700 1 |a Μαρκέτου, Πελαγία,  |e trl 
700 1 |a Αθανασίου, Αθηνά,  |e edt  |e aui 
765 0 8 |i Μετάφραση του:   |t Bodies that matter :  
852 |a INST  |b LESVOS  |e 20100108  |h 305.3 BUT  |p 005100045874  |q 005100045874  |t BK  |y 0 
852 |a INST  |b LESVOS  |c EUDOXUS  |e 20200212  |h 305.3 BUT  |p 005100062661  |q 005100062661  |t EDX  |y 0 
852 |a INST  |b LESVOS  |c EUDOXUS  |e 20200212  |h 305.3 BUT  |p 005100062662  |q 005100062662  |t EDX  |y 0 
901 |a BIBL1-2010-1 
920 |a Εύδοξος  |b Παραγγελία  |y Λέσβος-ΤΚΑΙ  |z 2020-02 
970 |a ΓΙΑΛΑΜΑ  |b ΜΑΡΙΑ  |z 2010/01/08